NFL Top 100 Players of 2020 - Statistics

General Stats
  • This quiz has been taken 10 times
  • The average score is 45 of 100
Answer Stats
Spot Pos. Player % Correct
1 QB Lamar Jackson
100%
16 QB Aaron Rodgers
88%
4 QB Patrick Mahomes
88%
14 QB Tom Brady
88%
3 DT Aaron Donald
75%
33 RB Aaron Jones
75%
15 LB Chandler Jones
75%
52 DT Chris Jones
75%
46 QB Dak Prescott
75%
64 S Harrison Smith
75%
94 C Jason Kelce
75%
88 LB Jaylon Smith
75%
45 DE J. J. Watt
75%
11 WR Julio Jones
75%
63 LB Preston Smith
75%
2 QB Russell Wilson
75%
25 LB T. J. Watt
75%
18 TE Travis Kelce
75%
22 WR Tyreek Hill
75%
78 OT Tyron Smith
75%
48 LB Za'Darius Smith
75%
49 WR Amari Cooper
63%
13 LB Bobby Wagner
63%
6 RB Christian McCaffrey
63%
89 WR Cooper Kupp
63%
57 WR Davante Adams
63%
20 QB Deshaun Watson
63%
12 QB Drew Brees
63%
75 S Earl Thomas
63%
70 LB Fred Warner
63%
7 TE George Kittle
63%
27 S Jamal Adams
63%
34 DE Joey Bosa
63%
87 QB Josh Allen
63%
77 WR Keenan Allen
63%
19 LB Khalil Mack
63%
60 CB Logan Ryan
63%
5 WR Michael Thomas
63%
17 DE Nick Bosa
63%
54 WR Stefon Diggs
63%
9 CB Stephon Gilmore
63%
47 CB Tre'Davious White
63%
26 LB Von Miller
63%
42 RB Alvin Kamara
50%
21 RB Dalvin Cook
50%
92 CB Darius Slay
50%
8 WR DeAndre Hopkins
50%
67 LB Demario Davis
50%
10 RB Derrick Henry
50%
81 WR D. K. Metcalf
50%
37 CB Jalen Ramsey
50%
58 QB Kirk Cousins
50%
30 WR Mike Evans
50%
80 DE Myles Garrett
50%
59 WR Odell Beckham Jr.
50%
29 OG Quenton Nelson
50%
65 WR Tyler Lockett
50%
55 OG Zack Martin
50%
93 WR Allen Robinson
38%
38 WR Chris Godwin
38%
99 TE Darren Waller
38%
24 RB Ezekiel Elliott
38%
90 QB Kyler Murray
38%
100 LB Lavonte David
38%
53 CB Marcus Peters
38%
35 S Minkah Fitzpatrick
38%
36 RB Nick Chubb
38%
28 CB Richard Sherman
38%
31 RB Saquon Barkley
38%
41 DE Jadeveon Clowney
25%
43 QB Jimmy Garoppolo
25%
69 WR Larry Fitzgerald
25%
44 RB Mark Ingram
25%
68 QB Ryan Tannehill
25%
51 RB Todd Gurley
25%
97 S Budda Baker
13%
84 DT Cameron Heyward
13%
23 DE Cameron Jordan
13%
96 RB Chris Carson
13%
40 DE Danielle Hunter
13%
62 OT David Bakhtiari
13%
56 DT DeForest Buckner
13%
73 DT Fletcher Cox
13%
95 DE Frank Clark
13%
61 WR Jarvis Landry
13%
72 RB Josh Jacobs
13%
66 OT Laremy Tunsil
13%
86 CB Marlon Humphrey
13%
76 CB Marshon Lattimore
13%
50 LB Shaquille Leonard
13%
39 S Tyrann Mathieu
13%
98 OG Brandon Brooks
0%
79 DE Calais Campbell
0%
83 LB Eric Kendricks
0%
91 DT Grady Jarrett
0%
71 DT Jurrell Casey
0%
74 OT Ronnie Stanley
0%
82 OT Ryan Ramczyk
0%
32 LB Shaquil Barrett
0%
85 TE Zach Ertz
0%
No matching quizzes found
Score Distribution
Percent of People with Each Score
Percentile by Number Answered
Your Score History
You have not taken this quiz